[Event "Challenge"]
[Site "http://www.queenalice.com/game.php?id=1440503"]
[Date "2016.9.10"]
[Round "-"]
[White "one_a4"]
[Black "avieytoa"]
[Result "1-0"]
[WhiteElo "1600"]
[BlackElo "1781"]

1. d4 d5 2. c4 Nf6 3. Nf3 Nc6 4. Nc3 Bf5 5. cxd5 Nxd5 6. e3 Nxc3 7. bxc3 e6 8.
Bc4 a6 9. O-O h6 10. Re1 b5 11. Bb3 Be7 12. e4 Bg4 13. d5 exd5 14. exd5 Na5 15.
Ba3 Be6 16. Bxe7 Kxe7 17. dxe6 Qxd1 18. Raxd1 Nxb3 19. Rd7+ Ke8 20. axb3 Rc8 21.
Rxf7 Rg8 22. Ne5 c5 23. Ng6 Ra8 24. Rd1 a5 25. Re7# 1-0

[Event "Challenge"]
[Site "http://www.queenalice.com/game.php?id=1440504"]
[Date "2016.9.10"]
[Round "-"]
[White "one_a4"]
[Black "Wefferson44"]
[Result "1-0"]
[WhiteElo "1658"]
[BlackElo "1923"]

1. d4 d5 2. c4 h6 3. Nc3 dxc4 4. e4 e6 5. Bxc4 Bb4 6. Qa4+ Nc6 7. d5 Bxc3+ 8.
bxc3 Bd7 9. dxc6 Bxc6 10. Bb5 Ne7 11. Ba3 O-O 12. Bxc6 bxc6 13. Rd1 Qe8 14. Nf3
f6 15. Bxe7 Qxe7 16. Qxc6 e5 17. Rd7 Qe8 18. Qxc7 Rf7 19. Rxf7 Qxf7 20. Qxf7+
Kxf7 21. Ke2 Rb8 22. Rd1 Rb2+ 23. Rd2 Rb7 24. c4 Ke7 25. c5 Rb1 26. Rc2 Kd7 27.
Nd2 Rh1 28. h3 Rg1 29. g3 Rh1 30. h4 g5 31. hxg5 fxg5 32. c6+ Kc7 33. Nf1 h5 34.
Ne3 h4 35. Nd5+ Kc8 36. c7 1-0

[Event "Challenge"]
[Site "http://www.queenalice.com/game.php?id=1440506"]
[Date "2016.9.10"]
[Round "-"]
[White "one_a4"]
[Black "Diadoco"]
[Result "0-1"]
[WhiteElo "1792"]
[BlackElo "2260"]

1. d4 d5 2. c4 dxc4 3. Nc3 e5 4. d5 c6 5. e4 Nf6 6. Bxc4 Bb4 7. Bg5 Bxc3+ 8.
bxc3 Qa5 9. Ne2 Nxe4 10. Bd2 cxd5 11. Bd3 Nxd2 12. Qxd2 O-O 13. O-O Nc6 14. Rab1
Qc7 15. f3 Be6 16. Rb2 Rad8 17. Rfb1 b6 18. Qc2 f5 19. f4 exf4 20. Bb5 Ne7 21.
Rb4 g5 22. h4 h6 23. Nd4 Bd7 24. a4 Bxb5 0-1

[Event "Challenge"]
[Site "http://www.queenalice.com/game.php?id=1440507"]
[Date "2016.9.10"]
[Round "-"]
[White "one_a4"]
[Black "luizmortagua"]
[Result "0-1"]
[WhiteElo "1439"]
[BlackElo "2127"]

1. d4 f5 2. c4 Nf6 3. Nf3 e6 4. Bg5 Bb4+ 5. Nc3 O-O 6. e3 Qe8 7. Bd3 Bxc3+ 8.
bxc3 b6 9. Bf4 d6 10. Qb3 Nc6 11. c5 Na5 12. Qb5 Bd7 13. Qb4 Nd5 14. Qb2 Nxf4
15. exf4 Bc6 16. cxb6 Bxf3 17. gxf3 Qc6 18. Ke2 axb6 19. Rhg1 Qe8 20. Rg2 e5 21.
fxe5 dxe5 22. d5 e4 23. fxe4 fxe4 24. Bc2 Qh5+ 25. Kf1 e3 26. c4 Rxf2+ 27. Rxf2
exf2 28. Qc3 Qxh2 29. Bd3 Re8 0-1

[Event "Challenge"]
[Site "http://www.queenalice.com/game.php?id=1440592"]
[Date "2016.9.11"]
[Round "-"]
[White "one_a4"]
[Black "jbugg"]
[Result "1-0"]
[WhiteElo "1100"]
[BlackElo "1403"]

1. d4 d5 2. c4 dxc4 3. Nc3 Nc6 4. Nf3 Nf6 5. Bf4 a6 6. a4 Bf5 7. e3 Nb4 8. Bxc4
Nc2+ 9. Ke2 Nxa1 10. Qxa1 e6 11. a5 Bb4 12. Qa4+ c6 13. Qxb4 Ra7 14. Bd6 Ne4 15.
Nxe4 Bxe4 16. Ne5 Bxg2 17. Rg1 Qg5 18. Rxg2 Qxg2 19. Qb6 Ra8 20. Qxb7 Rd8 21.
Qe7# 1-0

[Event "Challenge"]
[Site "http://www.queenalice.com/game.php?id=1440602"]
[Date "2016.9.11"]
[Round "-"]
[White "one_a4"]
[Black "Magro_de_Riga"]
[Result "0-1"]
[WhiteElo "1439"]
[BlackElo "1998"]

1. d4 d5 2. c4 dxc4 3. Nc3 e6 4. Nf3 Bb4 5. Bd2 Nc6 6. e3 Bxc3 7. Bxc3 Qd5 8.
Nd2 b5 9. e4 Qg5 10. h4 Qh6 11. g4 Qf4 12. a3 e5 13. Qf3 Qxf3 14. Nxf3 exd4 15.
Nxd4 Nxd4 16. Bxd4 Nf6 17. f3 a6 18. O-O-O O-O 19. Bxf6 gxf6 20. Rg1 Be6 21. g5
f5 22. e5 Rad8 23. f4 Rxd1+ 24. Kxd1 Rd8+ 25. Kc2 Rd4 26. h5 Rxf4 27. g6 Rf2+
28. Kc3 c5 29. gxh7+ Kxh7 30. Rg2 Rxf1 0-1

[Event "Challenge"]
[Site "http://www.queenalice.com/game.php?id=1440604"]
[Date "2016.9.11"]
[Round "-"]
[White "one_a4"]
[Black "fornery"]
[Result "1-0"]
[WhiteElo "1741"]
[BlackElo "1613"]

1. d4 e6 2. Nf3 b6 3. e4 c5 4. d5 d6 5. Bb5+ Bd7 6. Qd3 Nf6 7. Nc3 Qe7 8. O-O h5
9. Bg5 a6 10. Bxf6 Qxf6 11. Bxd7+ Nxd7 12. a4 g5 13. dxe6 fxe6 14. Rad1 h4 15.
e5 Qh6 16. exd6 h3 17. g3 g4 18. Nh4 Qg7 19. Ng6 Rh6 20. Nxf8 Nxf8 21. Qe4 Rb8
22. Nd5 Qxb2 23. f3 Ng6 24. Qxe6+ Kf8 25. fxg4+ Kg7 26. Rf7+ Kh8 27. d7 Qe5 28.
Nf4 Kg8 29. d8=Q+ Nf8 30. Rxf8+ 1-0

[Event "Challenge"]
[Site "http://www.queenalice.com/game.php?id=1440605"]
[Date "2016.9.11"]
[Round "-"]
[White "one_a4"]
[Black "mvson33"]
[Result "1-0"]
[WhiteElo "1439"]
[BlackElo "1773"]

1. d4 Nf6 2. c4 e6 3. Bg5 d5 4. Nf3 Be7 5. Nc3 Nbd7 6. e3 O-O 7. Bd3 b6 8. Qc2
Bb7 9. h4 h6 10. Bf4 dxc4 11. Bxc4 c5 12. O-O-O cxd4 13. Nxd4 Nc5 14. Nxe6 Qc8
15. Nxf8 Bxf8 16. Qg6 Ne6 17. Bxe6 Qxe6 18. Qd3 Rc8 19. f3 Nd5 20. Rd2 Nxc3 21.
bxc3 Bc5 22. Rhd1 Be7 23. Qc2 Bxh4 24. Bc7 Rxc7 25. Rd8+ Bxd8 26. Rxd8+ 1-0

[Event "Challenge"]
[Site "http://www.queenalice.com/game.php?id=1441542"]
[Date "2016.9.16"]
[Round "-"]
[White "jamesxirb"]
[Black "one_a4"]
[Result "0-1"]
[WhiteElo "1528"]
[BlackElo "1577"]

1. e4 c6 2. d4 d5 3. e5 Bf5 4. Bd2 e6 5. g4 Bg6 6. f4 Qh4+ 7. Ke2 Qxg4+ 8. Nf3
Bh5 9. Ke3 Nh6 10. Be2 Qh3 11. Rg1 Bxf3 12. Rg3 Nf5+ 13. Kxf3 Nxg3 14. hxg3 Be7
15. Bf1 Qh5+ 16. g4 Qh1+ 17. Kf2 Bh4+ 18. Ke2 Qh2+ 19. Kd3 Na6 20. a3 c5 21. c4
O-O 22. Nc3 dxc4+ 23. Kxc4 cxd4 24. Kxd4 Rfd8+ 25. Kc4 Rac8+ 26. Kb3 Rxd2 27.
Rc1 Rxd1 28. Rxd1 h6 29. Bb5 Qxf4 30. Rd7 Nc5+ 31. Ka2 Nxd7 32. Bxd7 Rxc3 33.
bxc3 Qd2+ 34. Kb3 Qxd7 35. a4 Be1 36. c4 Qd3+ 37. Kb2 Qc3+ 38. Ka2 Bd2 39. a5
Bc1 40. a6 Qb2# 0-1

[Event "Challenge"]
[Site "http://www.queenalice.com/game.php?id=1441544"]
[Date "2016.9.16"]
[Round "-"]
[White "one_a4"]
[Black "Magro_de_Riga"]
[Result "1-0"]
[WhiteElo "1753"]
[BlackElo "2183"]

1. e4 e5 2. d4 exd4 3. c3 d5 4. e5 dxc3 5. Bb5+ c6 6. Ba4 cxb2 7. Bxb2 Bb4+ 8.
Bc3 Bxc3+ 9. Nxc3 Nd7 10. f4 g5 11. Qh5 Qa5 12. Ne2 Nc5 13. O-O Nxa4 14. fxg5
Be6 15. Nxa4 Qxa4 16. Rad1 Ne7 17. Nd4 O-O 18. Rf6 Bc8 19. Rh6 Nf5 20. Rxh7
Qxd1+ 21. Qxd1 Kxh7 22. Qd3 Be6 23. g4 Kg6 24. gxf5+ Bxf5 25. Qxf5+ Kg7 26. Qf6+
Kg8 27. Nf5 1-0

[Event "good game"]
[Site "http://www.queenalice.com/game.php?id=1442295"]
[Date "2016.9.21"]
[Round "-"]
[White "luizmortagua"]
[Black "one_a4"]
[Result "1-0"]
[WhiteElo "2171"]
[BlackElo "1689"]

1. c4 Nf6 2. g3 g6 3. Bg2 Bg7 4. e3 d5 5. cxd5 Nxd5 6. Nc3 Nxc3 7. bxc3 Qd3 8.
Qa4+ Bd7 9. Qe4 Qxe4 10. Bxe4 Nc6 11. Rb1 Rb8 12. d4 b6 13. Nf3 O-O 14. Ba3 Rfe8
15. O-O Rbd8 16. c4 e6 17. Rfc1 Ne7 18. c5 f5 19. Bd3 Nc6 20. Bb5 Ne7 21. cxb6
cxb6 22. Rc7 Bxb5 23. Rxe7 Bc6 24. Ne5 Bxe5 25. Rxe8+ Bxe8 26. dxe5 Rd2 27. Ra1
Bc6 28. Bd6 Bf3 29. a3 Kg7 30. Rc1 1-0

[Event "witam pana"]
[Site "http://www.queenalice.com/game.php?id=1442710"]
[Date "2016.9.25"]
[Round "-"]
[White "Daniel1962"]
[Black "one_a4"]
[Result "0-1"]
[WhiteElo "1727"]
[BlackElo "1753"]

1. c4 Nf6 2. d3 g6 3. Bg5 Bg7 4. g3 d6 5. Nc3 Nbd7 6. Bg2 O-O 7. Nf3 h6 8. Bxf6
Bxf6 9. Ne4 Bxb2 10. Rb1 Bg7 11. O-O b6 12. a4 Bb7 13. Nc3 Bxc3 14. e4 a5 15.
Qc2 Bb4 16. Qc1 Kh7 17. Qf4 Nc5 18. Rfd1 Nxa4 19. Re1 Bxe1 20. Rxe1 Nc5 21. Rd1
a4 22. g4 Ra5 23. g5 Ne6 24. Qh4 Nxg5 25. Nxg5+ Rxg5 26. Ra1 e5 27. Qh3 Bc8 28.
Qe3 f5 29. exf5 Bb7 30. fxg6+ Rxg6 31. Kf1 Rxg2 32. Ra2 Qh4 33. Rxa4 Rfxf2+ 0-1

[Event "Challenge"]
[Site "http://www.queenalice.com/game.php?id=1442713"]
[Date "2016.9.25"]
[Round "-"]
[White "Delbo"]
[Black "one_a4"]
[Result "0-1"]
[WhiteElo "2159"]
[BlackElo "1793"]

1. Nf3 Nf6 2. g3 g6 3. Bg2 d5 4. d3 Bg7 5. O-O O-O 6. c4 c6 7. b3 Re8 8. Bb2 Bg4
9. Nbd2 Nbd7 10. Rc1 Rc8 11. h3 Bxf3 12. Nxf3 e5 13. cxd5 cxd5 14. Rxc8 Qxc8 15.
e3 b6 16. Qc1 Qa6 17. Qa1 Qxd3 18. Nxe5 Nxe5 19. Bxe5 Qf5 20. f4 h5 21. Rd1 Rc8
22. Bxd5 Nxd5 23. Bxg7 Qxh3 24. Bh8 Qxg3+ 25. Kf1 Nxe3+ 26. Ke2 Nf5 0-1

[Event "Challenge"]
[Site "http://www.queenalice.com/game.php?id=1443016"]
[Date "2016.9.27"]
[Round "-"]
[White "one_a4"]
[Black "jamesxirb"]
[Result "1-0"]
[WhiteElo "1789"]
[BlackElo "1489"]

1. d4 d5 2. c4 e5 3. e3 e4 4. cxd5 Qxd5 5. Bd2 Qd8 6. Nc3 f5 7. Qh5+ g6 8. Qd1
a6 9. Bc4 Nf6 10. Nge2 b5 11. Bb3 Bd6 12. O-O c6 13. f3 b4 14. Na4 Bb7 15. Nc5
Bxc5 16. dxc5 a5 17. a3 a4 18. Bxa4 Rxa4 19. Qxa4 Qxd2 20. Qa7 Qxe3+ 21. Rf2 O-O
22. Qxb7 Qd2 23. Qxb4 Qc2 24. Nf4 Na6 25. Rxc2 Nxb4 26. axb4 e3 27. Re2 g5 28.
Ne6 Re8 29. Rxe3 f4 30. Re2 h6 31. Rae1 Rb8 32. Nd4 Rc8 33. Re6 Nd5 34. Nxc6 Kf7
35. b5 Rc7 36. b6 Rd7 37. Re7+ Nxe7 38. Rxe7+ Rxe7 39. Nxe7 Kxe7 40. b7 h5 41.
b8=Q g4 42. c6 gxf3 43. gxf3 h4 44. c7 h3 45. c8=Q Kf6 46. Qb5 Kf7 47. Qca6 Kg7
48. Qbb7+ Kf8 49. Qaa8# 1-0

[Event "good game"]
[Site "http://www.queenalice.com/game.php?id=1445402"]
[Date "2016.10.12"]
[Round "-"]
[White "Wefferson44"]
[Black "one_a4"]
[Result "1-0"]
[WhiteElo "1958"]
[BlackElo "1827"]

1. e4 g6 2. Bc4 Bg7 3. Qf3 e6 4. Nh3 Nc6 5. c3 Ne5 6. Qe2 Nxc4 7. Qxc4 d5 8.
exd5 exd5 9. Qe2+ Ne7 10. Nf4 d4 11. O-O 1-0